000 01139nam a22003497a 4500
001 BR7807553
003 BR-BrBNA
005 20230928085822.0
007 ta
008 230509b bl.||||| |||| 00| 0 por d
040 _aBR-BrBNA
_bpor
_cBiblioteca Nacional de Agricultura
041 _a(Por)
072 _aF00; Q10
_b0150
_b9205
_b/G514
090 _ 0150 BR7807553
100 1 _aSantos Filho, D.C. dos
110 1 _aUniversidade Federal de Pelotas, RS (Brasil)
_0Dissertacao (Mestre)
_910876
245 1 _aEfeito do grau de umidade do grao e do tempo de descasque e polimento no rendimento total e no de graos inteiros de tres cultivares de arroz (Oryza sativa L.)irrigado [Rio Grande do Sul, Brasil]
260 3 _aPelotas, RS (Brasil):
_c1978.
300 _a73 p.
500 _a13 tables; 9 graphs; Summaries (Eng, Por); 31 ref.
650 _aARROZ IRRIGADO
650 _aVARIEDADE
650 _aGRAO
650 _aUMIDADE
650 _aCOLHEITA
650 _aBENEFICIAMENTO
650 _aPOLIMENTO
650 _aRENDIMENTO
650 _aRIO GRANDE DO SUL
909 _a202309
_bLucia
_c55
_dLucia Elande
942 _cBK
999 _c26507
_d26507